Principios de economía

Spremljeno u:
Bibliografski detalji
Glavni autori: Garver, Frederick B (Autor), Hansen, Alvin Harvey (Autor)
Format: Knjiga
Jezik:španjolski
Izdano: Madrid Aguilar 1953
Serija:Biblioteca de Ciencias Sociales. Sección Primera: Economia
Teme:
Oznake: Dodaj oznaku
Bez oznaka, Budi prvi tko označuje ovaj zapis!

MARC

LEADER 00000nam a2200000 a 4500
001 UCW2892
003 CL-VaPUC
008 930528e19530000SP |||||||||||||||||spa|d
082 0 4 |a 330  |b GAR  |2 21 
100 0 |a Garver, Frederick B  |e author  |9 307222 
700 |a Hansen, Alvin Harvey  |e author  |9 379457 
245 1 0 |a Principios de economía 
300 |a 686 p 
942 |c BK 
945 |d 19930528 00:00:00 
260 |a Madrid  |b Aguilar  |c 1953 
650 0 |a Economía   |9 255568 
583 |a last modification  |c 19930528 00:00:00  |k Rodrigo Vera 
490 0 |a Biblioteca de Ciencias Sociales. Sección Primera: Economia 
999 |c 217293  |d 217291 
952 |0 0  |1 0  |4 0  |6 330_000000000000000_GAR_1953  |7 0  |8 P  |9 204512  |a BIBGIM  |b BIBGIM  |d 2019-11-15  |i 2717344  |l 2  |m 1  |o 330 GAR 1953  |p 2717344  |r 2025-03-19  |s 2025-03-19  |w 2019-11-15  |y BK  |k COM